Phần mềm tuyển sinh đại học - cao đẳng và trang web tuyển sinh trường Đại học Công nghiệp TP. HCM : Báo cáo tổng kết đề tài Khoa học và Công nghệ cấp trường

Spremljeno u:
Bibliografski detalji
Glavni autor: Trần Đắc Phiến
Format: Đề tài khoa học
Jezik:Undetermined
Izdano: Trường Đại học Công nghiệp Tp. Hồ Chí Minh 2015
Teme:
Oznake: Dodaj oznaku
Bez oznaka, Budi prvi tko označuje ovaj zapis!
Thư viện lưu trữ: Trung tâm Thư viện - Trường Đại học Công nghiệp TP. Hồ Chí Minh
LEADER 00780nam a2200157Ia 4500
001 UIH_00542
008 230809s9999 xx 000 0 und d
082 |a 5.3 
100 |a Trần Đắc Phiến 
245 0 |a Phần mềm tuyển sinh đại học - cao đẳng và trang web tuyển sinh trường Đại học Công nghiệp TP. HCM : Báo cáo tổng kết đề tài Khoa học và Công nghệ cấp trường 
245 0 |c Trần Đắc Phiến 
260 |b Trường Đại học Công nghiệp Tp. Hồ Chí Minh 
260 |c 2015 
650 |a Phần mềm ứng dụng;Web sites; 
927 |a Đề tài khoa học 
980 |a Trung tâm Thư viện - Trường Đại học Công nghiệp TP. Hồ Chí Minh